000 00290nam a22001337a 4500
008 170308b xxu||||| |||| 00| 0 eng d
020 _a0815180020
041 _aeng
080 _a611
100 _a6
101 _aSHM
245 _aMUSCULOSKELETAL IMAGING
_cSARTORIS, D.J
942 _2udc
_cBK
999 _c7063
_d7063